000 01196cam a2200337 4500
008 090401t1997 xxu||||| |||| 00| 0 eng d
020 _a0419225102
035 _a(Sirsi) u79137
041 _aeng
050 _a658.92
110 _aJoint Development Board
_93495
245 _aIndustrial engineering projects: practice and procedures for capital projects in the engineering, manufacturing and process industries.
260 _aLondon
_bE & E N Spon
_c1997
300 _axii,303p. ; 25cm.
350 _a49.95
520 _aTraces the management of industrial engineering projects from feasibility to commissioning and operation. The Joint Development Board is sponsored by the RICS and the Association of Cost Engineers.
650 _aCAPITAL PROJECTS
650 _aENGINEERING CONTRACTS
650 _aESTIMATING
650 _aHEALTH AND SAFETY
_96244
650 _aINDUSTRIAL ENGINEERING PROJECTS
650 _aINDUSTRIAL ENGINEERING
650 _aInsurance
_96249
650 _aProcurement-old
650 _aProject management
_96261
650 _aQUALITY ASSURANCE
650 _aVALUE MANAGEMENT
690 _aBUILT ENVIRONMENT
942 _n0
948 _c23/06/1997
999 _c96504
_d96504